000 00394nam a2200157Ia 4500
005 20241211145439.0
008 231221s9999 xx 000 0 und d
020 _a9788122413717
082 _a746.92 SUM;1 R
100 _aSumathi, G J.
245 0 _aElements of fashion and apparel design
260 _c2002
_bNew Age
_aNew Delhi
300 _a224
650 _amechanical
942 _cAR
999 _c237962
_d237962